| 000 | 01227nam a22002057a 4500 | ||
|---|---|---|---|
| 999 |
_c59089 _d59089 |
||
| 003 | Ge_BSU | ||
| 005 | 20221124104300.0 | ||
| 008 | 221124s1984ge xxu||||| |||| 00| 0 geo d | ||
| 041 | _ageo | ||
| 080 | _a821.111-32 ს-46 | ||
| 100 |
_aსვიფტი, ჯონათან, ავტ. _916004 |
||
| 245 |
_aლემუელ გულივერის მოგზაურობა : _bკასრის ზღაპარი : [მოთხრობები] / _cჯონათან სვიფტი ; ინგლ. თარგმნა მ. ქარჩავამ, ბოლოსიტყვ. ავტ.: ე. მაღრაძე. |
||
| 264 |
_aთბილისი : _bსაბჭ. საქართველო, _c1984. |
||
| 300 |
_a659 გვ. : _b1 ფ. პორტრ. ; _c21 სმ. |
||
| 440 |
_aმსოფლიო ლიტერატურის ბიბლიოთეკა ; ტ. 24 _916005 |
||
| 653 | _aმხატვრული ლიტერატურა | ||
| 700 |
_aქარჩავა, მ. _eმთარგმნელი _916006 |
||
| 700 |
_aმაღრაძე, ე. _916008 _eბოლოსიტყვაობის ავტორი |
||
| 942 |
_2udc _cBK |
||